Developing wind power projects (Record no. 107110)

MARC details
000 -LEADER
fixed length control field 00940cam a22002295a 4500
001 - CONTROL NUMBER
control field L138299
008 - FIXED-LENGTH DATA ELEMENTS--GENERAL INFORMATION
fixed length control field 070525s2007 xxka f 001 0 eng d
020 ## - INTERNATIONAL STANDARD BOOK NUMBER
International Standard Book Number 1844072622
-- 9781844072620
035 ## - SYSTEM CONTROL NUMBER
System control number (Sirsi) u138299
041 0# - LANGUAGE CODE
Language code of text/sound track or separate title eng
050 04 - LIBRARY OF CONGRESS CALL NUMBER
Classification number 621.45 $2 18
-- 333.92 $2 22
100 1# - MAIN ENTRY--PERSONAL NAME
Personal name Wizelius, Tore
245 00 - TITLE STATEMENT
Title Developing wind power projects
Remainder of title theory and practice
260 ## - PUBLICATION, DISTRIBUTION, ETC.
Place of publication, distribution, etc. London
Name of publisher, distributor, etc. Earthscan
Date of publication, distribution, etc. 2007
300 ## - PHYSICAL DESCRIPTION
Extent xiv, 290p.
Dimensions 24cm.
350 ## - PRICE (NR) (BK AM CF MU VM SE) [OBSOLETE]
Price 35.90
520 ## - SUMMARY, ETC.
Summary, etc. This comprehensive introductory text on wind power project development covers: wind power basics; the underlying resource and technology; the interaction between wind power and society; and wind power project development, including siting of wind turbines, economics and project development. Bibliography and glossary.
590 ## - LOCAL NOTE (RLIN)
Local note KA
651 #4 - SUBJECT ADDED ENTRY--GEOGRAPHIC NAME
Geographic name International
690 ## - LOCAL SUBJECT ADDED ENTRY--TOPICAL TERM (OCLC, RLIN)
Topical term or geographic name as entry element ENVIRONMENTAL AND LAND CONSULTANCY-ENERGY-RENEWABLE ENERGY
942 ## - ADDED ENTRY ELEMENTS (KOHA)
Suppress in OPAC 0
Holdings
Withdrawn status Lost status Source of classification or shelving scheme Damaged status Not for loan Home library Current library Shelving location Date acquired Cost, normal purchase price Total Checkouts Full call number Barcode Date last seen Date last checked out Copy number Cost, replacement price Price effective from Koha item type
    Dewey Decimal Classification     London London Books 17/07/2007 38.65 3 621.45 WIZ 30073942 06/08/2019 16/04/2009 1 38.65 06/08/2019 Book